<?xml version='1.0' encoding='UTF-8'?>
  <record xmlns="http://www.loc.gov/MARC21/slim">
    <leader>00000ctm a2200000 i 4500</leader>
    <controlfield tag="001">on1088554614</controlfield>
    <controlfield tag="003">OCoLC</controlfield>
    <controlfield tag="005">20250724031734.8</controlfield>
    <controlfield tag="008">190227m15981599ne            000 0 lat d</controlfield>
    <datafield tag="040" ind1=" " ind2=" ">
      <subfield code="a">QGJ</subfield>
      <subfield code="b">eng</subfield>
      <subfield code="e">rda</subfield>
      <subfield code="e">dcrmmss</subfield>
      <subfield code="c">QGJ</subfield>
      <subfield code="d">OCLCQ</subfield>
      <subfield code="d">QGJ</subfield>
      <subfield code="d">OCLCO</subfield>
      <subfield code="d">OCLCL</subfield>
      <subfield code="d">OCLCA</subfield>
    </datafield>
    <datafield tag="035" ind1=" " ind2=" ">
      <subfield code="a">(OCoLC)1088554614</subfield>
    </datafield>
    <datafield tag="041" ind1="0" ind2=" ">
      <subfield code="a">lat</subfield>
      <subfield code="a">grc</subfield>
      <subfield code="a">heb</subfield>
      <subfield code="a">fre</subfield>
      <subfield code="a">ita</subfield>
      <subfield code="a">dut</subfield>
    </datafield>
    <datafield tag="044" ind1=" " ind2=" ">
      <subfield code="a">ne</subfield>
      <subfield code="a">sz</subfield>
    </datafield>
    <datafield tag="242" ind1="1" ind2="0">
      <subfield code="a">Jacobus Montanus autograph album.</subfield>
      <subfield code="y">eng</subfield>
    </datafield>
    <datafield tag="245" ind1="0" ind2="0">
      <subfield code="a">Album amicorum Jacobi Montani Antverpiani,</subfield>
      <subfield code="f">UBU Hs 8 L 17.</subfield>
    </datafield>
    <datafield tag="264" ind1=" " ind2="0">
      <subfield code="a">[Netherlands] ;</subfield>
      <subfield code="a">[Switzerland],</subfield>
      <subfield code="c">1598-1599.</subfield>
    </datafield>
    <datafield tag="300" ind1=" " ind2=" ">
      <subfield code="a">174 leaves ;</subfield>
      <subfield code="c">150 x 100 mm</subfield>
    </datafield>
    <datafield tag="336" ind1=" " ind2=" ">
      <subfield code="a">text</subfield>
      <subfield code="b">txt</subfield>
      <subfield code="2">rdacontent</subfield>
    </datafield>
    <datafield tag="337" ind1=" " ind2=" ">
      <subfield code="a">unmediated</subfield>
      <subfield code="b">n</subfield>
      <subfield code="2">rdamedia</subfield>
    </datafield>
    <datafield tag="338" ind1=" " ind2=" ">
      <subfield code="a">volume</subfield>
      <subfield code="b">nc</subfield>
      <subfield code="2">rdacarrier</subfield>
    </datafield>
    <datafield tag="340" ind1=" " ind2=" ">
      <subfield code="a">paper</subfield>
      <subfield code="2">rdamat</subfield>
    </datafield>
    <datafield tag="500" ind1=" " ind2=" ">
      <subfield code="a">Blank leaves: 2, 4, 6, 8-42, 44-75, 80-83, 85-86, 89-93, 95-98, 101, 106-107, 113, 115-117, 130-133, 136-141, 144-149, 153, 162.</subfield>
    </datafield>
    <datafield tag="500" ind1=" " ind2=" ">
      <subfield code="a">Added: postcard by O.V. (Otto Viktor) Henkel (1916-1996) to A. (Abraham) Hulshof (1877-1955), director of Utrecht University Library, dated Jan, 7, 1942.</subfield>
    </datafield>
    <datafield tag="520" ind1="2" ind2=" ">
      <subfield code="a">Autograph book of Jacobus Montanus from Antwerp, student of theology in Franeker (1593) and Leiden (1584-1598). In April 1598 he made a journey to Frankfurt am Main, Heidelberg, Basel, and Zürich, spent the summer of 1598 in Orléans and stayed in Geneva until August 1599. His autograph album contains approximately 90 contributions, among them of scholars from Leiden e.g. Josephus Scaliger, Bonaventura Vulcanius, Paulus Merula and Franciscus Junius, prominent Calvinists in the Netherlands, e.g. Franciscus Gomarus, Jacobus Arminius and Petrus Plancius, also known as a cartographer, and in Switzerland e.g. Theodorus Beza and Isaac Casaubonus.</subfield>
    </datafield>
    <datafield tag="524" ind1="8" ind2=" ">
      <subfield code="a">Cite as: Universiteitsbibliotheek Utrecht Hs 8 L 17.</subfield>
    </datafield>
    <datafield tag="541" ind1=" " ind2=" ">
      <subfield code="c">Purchase;</subfield>
      <subfield code="a">Henkel, O.V.;</subfield>
      <subfield code="d">1942</subfield>
    </datafield>
    <datafield tag="546" ind1=" " ind2=" ">
      <subfield code="a">Contributions in Latin, Greek, Hebrew, French, Italian or Dutch.</subfield>
    </datafield>
    <datafield tag="563" ind1=" " ind2=" ">
      <subfield code="a">Late 16th century leather binding with gold tooling. On front : I.M. (=Jacobus Montanus)</subfield>
    </datafield>
    <datafield tag="581" ind1=" " ind2=" ">
      <subfield code="a">G. Banderier, 'Documents sur Simon Goulart (II)', in: Humanistica Lovaniensia. Journal of Neo-Latin studies 52 (2003), p. 159-178. p. 178 (f. 121 v).</subfield>
    </datafield>
    <datafield tag="581" ind1=" " ind2=" ">
      <subfield code="a">C.L. Heesakkers &amp; K. Thomassen, Voorlopige lijst van alba amicorum uit de Nederlanden voor 1800. 's-Gravenhage 1986. p. 73.</subfield>
    </datafield>
    <datafield tag="581" ind1=" " ind2=" ">
      <subfield code="a">W. Klose, Corpus Alborum Amicorum. CAAC. Beschreibendes Verzeichnis der Stammbücher des 16. Jahrhunderts. Stuttgart 1988. (= Hiersemanns bibliographische Handbücher 8) p. 168.</subfield>
    </datafield>
    <datafield tag="581" ind1=" " ind2=" ">
      <subfield code="a">A. Hulshof, "Een album amicorum uit de 16e eeuw en een albumblad van Marnix voor de Utrechtsche Universiteitsbibliotheek verworven", in: Utrechtsche parelen, Utrecht, 1944. 235-240</subfield>
    </datafield>
    <datafield tag="650" ind1=" " ind2="0">
      <subfield code="a">Autograph albums.</subfield>
    </datafield>
    <datafield tag="650" ind1=" " ind2="6">
      <subfield code="a">Autographes</subfield>
      <subfield code="x">Albums.</subfield>
    </datafield>
    <datafield tag="650" ind1=" " ind2="7">
      <subfield code="a">autograph albums.</subfield>
      <subfield code="2">aat</subfield>
    </datafield>
    <datafield tag="650" ind1=" " ind2="7">
      <subfield code="a">Autograph albums.</subfield>
      <subfield code="2">fast</subfield>
      <subfield code="0">(OCoLC)fst00822648</subfield>
    </datafield>
    <datafield tag="650" ind1=" " ind2="7">
      <subfield code="a">Autographs.</subfield>
      <subfield code="2">fast</subfield>
      <subfield code="0">(OCoLC)fst00822653</subfield>
    </datafield>
    <datafield tag="651" ind1=" " ind2="7">
      <subfield code="a">Netherlands.</subfield>
      <subfield code="2">fast</subfield>
      <subfield code="0">(OCoLC)fst01204034</subfield>
      <subfield code="1">https://id.oclc.org/worldcat/entity/E39PBJk4D96j3YTHJQfHCV3vpP</subfield>
    </datafield>
    <datafield tag="650" ind1=" " ind2="7">
      <subfield code="a">Stammbuch</subfield>
      <subfield code="2">gnd</subfield>
    </datafield>
    <datafield tag="650" ind1="1" ind2="7">
      <subfield code="a">Alba amicorum.</subfield>
      <subfield code="2">gtt</subfield>
    </datafield>
    <datafield tag="700" ind1="1" ind2=" ">
      <subfield code="a">Montanus, Jacobus,</subfield>
      <subfield code="d">approximately 1575-</subfield>
      <subfield code="e">dedicatee,</subfield>
      <subfield code="e">former owner</subfield>
      <subfield code="4">dte</subfield>
      <subfield code="4">fmo</subfield>
    </datafield>
    <datafield tag="700" ind1="1" ind2=" ">
      <subfield code="a">Henkel, O. V.</subfield>
      <subfield code="q">(Otto Viktor),</subfield>
      <subfield code="e">former owner.</subfield>
      <subfield code="4">fmo</subfield>
      <subfield code="1">https://id.oclc.org/worldcat/entity/E39PCjKBfcXyJkBDCxtFHbVmYd</subfield>
    </datafield>
    <datafield tag="710" ind1="2" ind2=" ">
      <subfield code="a">Universiteit Utrecht.</subfield>
      <subfield code="b">Bibliotheek.</subfield>
      <subfield code="k">Manuscript</subfield>
      <subfield code="n">Hs 8 L 17.</subfield>
    </datafield>
    <datafield tag="758" ind1=" " ind2=" ">
      <subfield code="i">has work:</subfield>
      <subfield code="a">UBU Hs 8 L 17 Album amicorum Jacobi Montani Antverpiani (Text)</subfield>
      <subfield code="1">https://id.oclc.org/worldcat/entity/E39PCGj9JdRm3qp4X7QC3bjWcP</subfield>
      <subfield code="4">https://id.oclc.org/worldcat/ontology/hasWork</subfield>
    </datafield>
  </record>